[Event "Campeonato de España por Equip"]
[Site "Granada, Hotel Corona de Grana"]
[Date "2010.08.04"]
[Round "1"]
[White "CABRERA, Alexis"]
[Black "FERNANDEZ GUTIERREZ, Rafael"]
[Result "1-0"]
[WhiteElo "2533"]
[BlackElo "2249"]
[PlyCount "67"]
[EventDate "2010.08.04"]
[EventType "team"]
[EventRounds "6"]
[EventCountry "ESP"]
[WhiteTeam "C.A. Mislata"]
[BlackTeam "C.A. CajaGranada"]

1. e4 e5 2. Nf3 d6 3. d4 Nd7 4. Nc3 Be7 5. Bc4 c6 6. a4 b6 7. dxe5 dxe5 8. Ng5
Bxg5 9. Qh5 Qe7 10. Bxg5 Ngf6 11. Qf3 h6 12. Bh4 g5 13. Bg3 Nc5 14. O-O Bg4 15.
Qe3 Nh5 16. b4 Nb7 17. b5 Bd7 18. bxc6 Bxc6 19. Nd5 Bxd5 20. exd5 Nxg3 21. Bb5+
Kf8 22. hxg3 Rd8 23. c4 Nd6 24. Rfe1 f6 25. a5 Nxb5 26. cxb5 Rd6 27. axb6 axb6
28. Rec1 Kg7 29. Rc6 Rxd5 30. Qxb6 Kg6 31. Ra7 Qb4 32. Rxf6+ Kh5 33. Qe6 Rd1+
34. Kh2 1-0

[Event "Campeonato de España por Equip"]
[Site "Granada, Hotel Corona de Grana"]
[Date "2010.08.04"]
[Round "1"]
[White "BORREGO MATA, Enrique"]
[Black "GARCIA ROMAN, Daniel"]
[Result "0-1"]
[WhiteElo "2184"]
[BlackElo "2411"]
[PlyCount "57"]
[EventDate "2010.08.04"]
[EventType "team"]
[EventRounds "6"]
[EventCountry "ESP"]
[WhiteTeam "C.A. CajaGranada"]
[BlackTeam "C.A. Mislata"]

1. e4 e6 2. d3 d5 3. Nd2 c5 4. Ngf3 Nc6 5. Be2 g6 6. O-O Bg7 7. c3 Nge7 8. Qc2
O-O 9. Rb1 a5 10. b3 b6 11. a3 Ba6 12. Re1 Qd7 13. b4 cxb4 14. axb4 axb4 15.
cxb4 Rfc8 16. Qd1 Bb5 17. Nf1 Ba4 18. Qd2 dxe4 19. dxe4 Qxd2 20. Bxd2 Bc2 21.
Rbc1 Bxe4 22. Ba6 Rxa6 23. Rxe4 Na7 24. Rec4 Rxc4 25. Rxc4 Nd5 26. g3 b5 27.
Rc1 Nc6 28. Ne3 Bf8 29. Rb1 0-1

[Event "Campeonato de España por Equip"]
[Site "Granada, Hotel Corona de Grana"]
[Date "2010.08.04"]
[Round "1"]
[White "VASSALLO BARROCHE, Mauricio"]
[Black "CABRERA RUIZ, Luis"]
[Result "1-0"]
[WhiteElo "2432"]
[BlackElo "2154"]
[PlyCount "107"]
[EventDate "2010.08.04"]
[EventType "team"]
[EventRounds "6"]
[EventCountry "ESP"]
[WhiteTeam "C.A. Mislata"]
[BlackTeam "C.A. CajaGranada"]

1. c4 e5 2. Nc3 Nc6 3. Nf3 g6 4. d4 exd4 5. Nxd4 Bg7 6. Nxc6 bxc6 7. g3 Ne7 8.
Bg2 O-O 9. O-O d6 10. Qc2 Be6 11. b3 Qd7 12. Bb2 Bh3 13. Rad1 Bxg2 14. Kxg2 Qg4
15. h3 Qe6 16. Rfe1 Nf5 17. e3 Rfe8 18. Na4 Qe4+ 19. Qxe4 Rxe4 20. Bxg7 Kxg7
21. g4 Ne7 22. Nc3 Re6 23. c5 Re8 24. cxd6 cxd6 25. Ne2 d5 26. Rc1 Rb8 27. Rc5
Rb6 28. Rec1 Ra6 29. R1c2 Kf8 30. Nd4 Rd6 31. b4 Ra4 32. Rb2 Ke8 33. b5 cxb5
34. Nxb5 Rd7 35. g5 Kf8 36. Rc7 Ke8 37. Rc5 Kf8 38. Nd4 Kg7 39. Rcc2 h6 40. h4
hxg5 41. hxg5 Ra6 42. Rb8 Rb6 43. Re8 f6 44. gxf6+ Rxf6 45. Rd2 Kf7 46. Ra8 Nf5
47. Nf3 Ke6 48. Re8+ Ne7 49. e4 Kf7 50. Ra8 Ke6 51. Kg3 Rc7 52. exd5+ Nxd5 53.
Ng5+ Kd6 54. Rd8+ 1-0

[Event "Campeonato de España por Equip"]
[Site "Granada, Hotel Corona de Grana"]
[Date "2010.08.04"]
[Round "1"]
[White "CUESTA BUSTOS, Raul"]
[Black "SANCHEZ ROMERO, Miquel Angel"]
[Result "0-1"]
[WhiteElo "2099"]
[BlackElo "2212"]
[PlyCount "58"]
[EventDate "2010.08.04"]
[EventType "team"]
[EventRounds "6"]
[EventCountry "ESP"]
[WhiteTeam "C.A. CajaGranada"]
[BlackTeam "C.A. Mislata"]

1. e4 e5 2. Nf3 Nc6 3. Bc4 Nf6 4. Ng5 d5 5. exd5 Na5 6. Bb5+ c6 7. dxc6 bxc6 8.
Be2 h6 9. Nh3 g5 10. d3 Bg7 11. Nc3 O-O 12. Ng1 Qe7 13. h4 g4 14. Be3 Rd8 15.
Qc1 Kh7 16. Bf1 Nd5 17. Nxd5 cxd5 18. Ne2 f5 19. f4 Nc6 20. Kf2 Rb8 21. Rb1 d4
22. Bd2 e4 23. Kg1 Be6 24. a3 Rbc8 25. Qd1 Qd6 26. dxe4 fxe4 27. Ng3 d3 28.
cxd3 Bd4+ 29. Kh2 Qe7 0-1

[Event "Campeonato de España por Equip"]
[Site "Granada, Hotel Corona de Grana"]
[Date "2010.08.04"]
[Round "1"]
[White "ANGEL ACOSTA, Juan Carlos"]
[Black "ALMAGRO LLAMAS, Pablo"]
[Result "0-1"]
[WhiteElo "2160"]
[BlackElo "2451"]
[PlyCount "105"]
[EventDate "2010.08.04"]
[EventType "team"]
[EventRounds "6"]
[EventCountry "ESP"]
[WhiteTeam "Real Club Victoria"]
[BlackTeam "VT Ingenieria-Virgen de Atocha"]

1. d4 d5 2. Nf3 Nf6 3. c4 c6 4. Nc3 dxc4 5. a4 Bf5 6. e3 e6 7. Bxc4 Bb4 8. O-O
O-O 9. Qe2 Nbd7 10. Rd1 Bg6 11. Bd2 Qe7 12. Qe1 Rfd8 13. Ne5 Nxe5 14. dxe5 Nd7
15. f4 Nc5 16. Qe2 a5 17. Be1 Rxd1 18. Nxd1 Rd8 19. Bxb4 axb4 20. Nf2 Qc7 21.
b3 b5 22. axb5 cxb5 23. Bxb5 Nxb3 24. Rd1 Rb8 25. e4 h5 26. Qc4 Qxc4 27. Bxc4
Nc5 28. Re1 b3 29. Bd3 Nxd3 30. Nxd3 Rd8 31. Nc5 b2 32. Na4 Rb8 33. Rb1 Rb4 34.
Nxb2 Bxe4 35. Re1 Bf5 36. Nd1 Rxf4 37. Nf2 Rb4 38. h3 Kh7 39. Re3 g5 40. g4
hxg4 41. hxg4 Bxg4 42. Rg3 Bf5 43. Rxg5 Rb5 44. Rh5+ Kg6 45. Rh4 Rxe5 46. Rf4
Kg5 47. Rb4 Re1+ 48. Kg2 Rb1 49. Ra4 e5 50. Kg3 Rb3+ 51. Kg2 Re3 52. Rb4 Be6
53. Ne4+ 0-1

[Event "Campeonato de España por Equip"]
[Site "Granada, Hotel Corona de Grana"]
[Date "2010.08.04"]
[Round "1"]
[White "ANTON GUIJARRO, David"]
[Black "TRUJILLO ALVARADO, Ivan"]
[Result "0-1"]
[WhiteElo "2397"]
[BlackElo "2196"]
[PlyCount "144"]
[EventDate "2010.08.04"]
[EventType "team"]
[EventRounds "6"]
[EventCountry "ESP"]
[WhiteTeam "VT Ingenieria-Virgen de Atocha"]
[BlackTeam "Real Club Victoria"]

1. e4 c5 2. Nf3 e6 3. d4 cxd4 4. Nxd4 a6 5. Nc3 Qc7 6. g3 Nf6 7. Bg2 Be7 8. O-O
O-O 9. Re1 d6 10. f4 Rd8 11. Kh1 Nc6 12. Be3 Bd7 13. a4 Nxd4 14. Bxd4 Bc6 15.
a5 Nd7 16. Nd5 exd5 17. exd5 Bf6 18. dxc6 bxc6 19. c3 Rab8 20. b4 c5 21. Bxf6
Nxf6 22. bxc5 dxc5 23. Qe2 c4 24. Qe5 Qa7 25. h3 h6 26. g4 Qf2 27. Qe3 Qh4 28.
g5 Rd3 29. Qe2 hxg5 30. fxg5 Qxg5 31. Qe5 Qxe5 32. Rxe5 Rxc3 33. Rc5 Rbb3 34.
Rd1 Rd3 35. Rc1 Ra3 36. R1xc4 Rd1+ 37. Kh2 Rd2 38. Rc3 Raa2 39. Rg3 g6 40. Rc6
Nh5 41. Rg4 Rxa5 42. Rc1 Raa2 43. Rf1 Kg7 44. Kg1 f5 45. Rg5 Kh6 46. h4 Rd4 47.
Bc6 Rxh4 48. Rg2 Rxg2+ 49. Kxg2 Rc4 50. Bd7 Rd4 51. Bc6 Rc4 52. Bd7 Kg5 53. Ra1
Rc7 54. Be8 Nf6 55. Ba4 a5 56. Bd1 Rc5 57. Bf3 Ng4 58. Ra4 Ne5 59. Be2 Kf6 60.
Rd4 g5 61. Rd6+ Ke7 62. Ra6 Nc6 63. Bd3 Kd6 64. Ra8 Ke5 65. Rc8 Kd6 66. Rf8 Ne7
67. Rf6+ Ke5 68. Rf7 Ke6 69. Rf8 Ng6 70. Re8+ Kf7 71. Re3 Nf4+ 72. Kf3 Nxd3 0-1

[Event "Campeonato de España por Equip"]
[Site "Granada, Hotel Corona de Grana"]
[Date "2010.08.04"]
[Round "1"]
[White "GUTIERREZ OLIVARES, Daniel"]
[Black "VAZQUEZ TORRES, Adrian"]
[Result "1-0"]
[WhiteElo "2167"]
[BlackElo "2210"]
[PlyCount "73"]
[EventDate "2010.08.04"]
[EventType "team"]
[EventRounds "6"]
[EventCountry "ESP"]
[WhiteTeam "Real Club Victoria"]
[BlackTeam "VT Ingenieria-Virgen de Atocha"]

1. c4 c5 2. Nc3 Nf6 3. g3 g6 4. Bg2 Bg7 5. Nf3 Nc6 6. O-O O-O 7. d3 d6 8. a3
Bd7 9. Rb1 a5 10. h3 Ne8 11. e3 Nc7 12. Bd2 Rb8 13. Nd5 b5 14. b3 b4 15. a4
Nxd5 16. cxd5 Na7 17. e4 e6 18. Bg5 Qb6 19. Nd2 exd5 20. exd5 Rbe8 21. Nc4 Qa6
22. Qf3 f5 23. Qf4 Nc8 24. Bf3 Bc3 25. Rbc1 Bg7 26. Kg2 Qa7 27. Nxd6 Be5 28.
Nxc8 Bxc8 29. Qc4 Bd4 30. d6+ Kh8 31. Rfe1 Bb7 32. Bxb7 Qxb7+ 33. f3 f4 34. Re7
Qa8 35. gxf4 Rd8 36. d7 Qc6 37. Qxd4+ 1-0

[Event "Campeonato de España por Equip"]
[Site "Granada, Hotel Corona de Grana"]
[Date "2010.08.04"]
[Round "1"]
[White "PEREZ DE ARANDA A, Leonardo I"]
[Black "ALSO ALVARADO, Luis"]
[Result "0-1"]
[WhiteElo "2150"]
[BlackElo "2164"]
[PlyCount "50"]
[EventDate "2010.08.04"]
[EventType "team"]
[EventRounds "6"]
[EventCountry "ESP"]
[WhiteTeam "VT Ingenieria-Virgen de Atocha"]
[BlackTeam "Real Club Victoria"]

1. e4 e5 2. Nf3 Nc6 3. Bb5 a6 4. Ba4 Nf6 5. O-O Be7 6. Re1 b5 7. Bb3 d6 8. c3
O-O 9. a4 Rb8 10. d3 Nh5 11. axb5 axb5 12. Bd5 Bb7 13. d4 Nf6 14. Bb3 Ra8 15.
Rxa8 Qxa8 16. Nbd2 exd4 17. cxd4 Nb4 18. Qe2 c5 19. e5 dxe5 20. dxe5 Nfd5 21.
Bxd5 Bxd5 22. Qxb5 c4 23. Nf1 Nd3 24. Rd1 Bxf3 25. gxf3 Qxf3 0-1

[Event "Campeonato de España por Equip"]
[Site "Granada, Hotel Corona de Grana"]
[Date "2010.08.04"]
[Round "1"]
[White "GIMENO HIGUERAS, Roberto"]
[Black "CAMACHO COLLADOS, Jose"]
[Result "0-1"]
[WhiteElo "2183"]
[BlackElo "2394"]
[PlyCount "52"]
[EventDate "2010.08.04"]
[EventType "team"]
[EventRounds "6"]
[EventCountry "ESP"]
[WhiteTeam "Main Memory Silla B"]
[BlackTeam "C.A. Motril"]

1. e4 c6 2. Nf3 d5 3. Nc3 Bg4 4. h3 Bxf3 5. Qxf3 e6 6. d4 dxe4 7. Nxe4 Qxd4 8.
c3 Qb6 9. Bc4 Nd7 10. Bf4 Ndf6 11. O-O-O Nxe4 12. Bxe6 fxe6 13. Qxe4 c5 14.
Rhe1 Nf6 15. Qf5 Kf7 16. Qe5 Be7 17. g4 Rhd8 18. g5 Rxd1+ 19. Rxd1 Nd5 20. Bd2
Kg8 21. Re1 Rf8 22. f4 Qd6 23. Qxe6+ Qxe6 24. Rxe6 Bd8 25. Rd6 Nxf4 26. Bxf4
Bc7 0-1

[Event "Campeonato de España por Equip"]
[Site "Granada, Hotel Corona de Grana"]
[Date "2010.08.04"]
[Round "1"]
[White "GARCIA MORENO, Carlos"]
[Black "PEREZ GONZALEZ, Jose Manuel"]
[Result "0-1"]
[WhiteElo "2279"]
[BlackElo "2324"]
[PlyCount "83"]
[EventDate "2010.08.04"]
[EventType "team"]
[EventRounds "6"]
[EventCountry "ESP"]
[WhiteTeam "C.A. Talavera"]
[BlackTeam "C.A. Amigos del Retiro"]

1. e4 d6 2. d4 Nf6 3. Nc3 g6 4. f4 Bg7 5. Nf3 O-O 6. Bd3 Na6 7. O-O c5 8. dxc5
Nxc5 9. Qe2 Bg4 10. Be3 Rc8 11. h3 Bxf3 12. Qxf3 Nfd7 13. Rab1 a6 14. Bd2 Nxd3
15. cxd3 b5 16. Rfc1 e6 17. b4 Qb6+ 18. Kh1 Rc6 19. Ne2 Rfc8 20. Rxc6 Rxc6 21.
Rc1 Rxc1+ 22. Nxc1 Qd4 23. Qd1 Qb2 24. Be1 Bc3 25. Nb3 Bxe1 26. Qxe1 Qxa2 27.
Nd4 Qb2 28. Nf3 Kg7 29. e5 dxe5 30. fxe5 Nb6 31. Ng5 h6 32. Qf1 hxg5 33. Qf6+
Kg8 34. Qd8+ Kh7 35. Qxb6 Qxb4 36. d4 g4 37. Kh2 Qe1 38. hxg4 Qh4+ 39. Kg1 Qxg4
40. Qa7 Kg7 41. Kf1 b4 42. Ke1 0-1

[Event "Campeonato de España por Equip"]
[Site "Granada, Hotel Corona de Grana"]
[Date "2010.08.04"]
[Round "1"]
[White "SANCHEZ GONZALEZ, Sergio"]
[Black "MENA CORROCHANO, Alberto"]
[Result "0-1"]
[WhiteElo "2311"]
[BlackElo "2168"]
[PlyCount "56"]
[EventDate "2010.08.04"]
[EventType "team"]
[EventRounds "6"]
[EventCountry "ESP"]
[WhiteTeam "C.A. Amigos del Retiro"]
[BlackTeam "C.A. Talavera"]

1. Nc3 d5 2. e4 c6 3. Nf3 Bg4 4. exd5 cxd5 5. h3 Bxf3 6. Qxf3 Nf6 7. d4 Nc6 8.
Be3 e6 9. Be2 Bb4 10. O-O O-O 11. Rfd1 Rc8 12. Bg5 Be7 13. Rab1 Ne8 14. Be3 Nd6
15. g4 f5 16. gxf5 Nxf5 17. Qg4 Rf6 18. Kh1 Rg6 19. Qf3 Qd7 20. Rg1 Nfxd4 21.
Qh5 Nxe2 22. Nxe2 d4 23. Bd2 Rxg1+ 24. Rxg1 Bf6 25. Nf4 Ne5 26. Nd3 Qc6+ 27.
Rg2 Nf3 28. Bh6 Nh4 0-1

[Event "Campeonato de España por Equip"]
[Site "Granada, Hotel Corona de Grana"]
[Date "2010.08.04"]
[Round "1"]
[White "LOPEZ QUEVEDO, Angel Carlos"]
[Black "FERNANDEZ GARCIA, Miguel Angel"]
[Result "0-1"]
[WhiteElo "2103"]
[BlackElo "2293"]
[PlyCount "115"]
[EventDate "2010.08.04"]
[EventType "team"]
[EventRounds "6"]
[EventCountry "ESP"]
[WhiteTeam "C.A. Talavera"]
[BlackTeam "C.A. Amigos del Retiro"]

1. d4 Nf6 2. c4 e6 3. Nf3 Bb4+ 4. Bd2 a5 5. Qc2 d6 6. g3 Nbd7 7. Bg2 e5 8. O-O
O-O 9. Be3 exd4 10. Bxd4 Re8 11. Nc3 Bc5 12. e3 Ba7 13. Rfd1 Nc5 14. h4 h6 15.
Nd2 Bg4 16. Re1 c6 17. Nde4 Nfxe4 18. Nxe4 Bf5 19. Nf6+ Qxf6 20. Qc3 Qg6 21.
Qxa5 Be4 22. Rad1 Bxg2 23. Kxg2 b6 24. Qd2 Ne4 25. Qd3 d5 26. cxd5 cxd5 27. Qb5
Rad8 28. Rc1 Re6 29. Qa6 Re7 30. Rc8 Rxc8 31. Qxc8+ Kh7 32. Rc1 Nc5 33. Qf8 Rc7
34. h5 Qg5 35. Qd6 Rc8 36. Bxc5 bxc5 37. Qd7 Ra8 38. Qxf7 Bb6 39. b4 c4 40. Rd1
Rd8 41. a4 Qe5 42. a5 Qe4+ 43. Kg1 Bxe3 44. Qg6+ Qxg6 45. hxg6+ Kxg6 46. fxe3
Kf5 47. Kf2 Ke5 48. Ke2 Rb8 49. Rb1 d4 50. exd4+ Kxd4 51. Kd2 Rf8 52. b5 Rf2+
53. Ke1 Rh2 54. Rd1+ Ke3 55. Kf1 Rh1+ 56. Kg2 Rxd1 57. b6 Rb1 58. a6 0-1

[Event "Campeonato de España por Equip"]
[Site "Granada, Hotel Corona de Grana"]
[Date "2010.08.04"]
[Round "1"]
[White "PAREDES SANCHEZ, Juan"]
[Black "LOPEZ QUEVEDO, Eduardo"]
[Result "1-0"]
[WhiteElo "2208"]
[BlackElo "1989"]
[PlyCount "151"]
[EventDate "2010.08.04"]
[EventType "team"]
[EventRounds "6"]
[EventCountry "ESP"]
[WhiteTeam "C.A. Amigos del Retiro"]
[BlackTeam "C.A. Talavera"]

1. e4 c5 2. Nf3 e6 3. d4 cxd4 4. Nxd4 Nf6 5. Nc3 Nc6 6. Be2 Bb4 7. O-O Bxc3 8.
bxc3 Nxe4 9. Qd3 d5 10. Ba3 f5 11. Qh3 Qf6 12. Nb5 Kf7 13. c4 Nd4 14. Nxd4 Qxd4
15. Rad1 Qc3 16. Rd3 Qxc2 17. Bh5+ g6 18. Bd1 Qxc4 19. Bb3 Qb5 20. Qh4 Qe8 21.
Rc1 Qd8 22. Qf4 Bd7 23. Rc7 Rc8 24. Rxb7 Nf6 25. Qd6 Re8 26. h3 Rb8 27. Rxa7
Ra8 28. Rb7 Rb8 29. Rc7 Rc8 30. Rdc3 Kg8 31. Qe5 Ra8 32. Bb2 Rf8 33. Rg3 Rc8
34. Rxc8 Bxc8 35. h4 Kf7 36. Rc3 Kg8 37. h5 Nxh5 38. Rxc8 Qxc8 39. Qh8+ Kf7 40.
Qxh7+ Ke8 41. Qxg6+ Kd8 42. Qxh5 Qc7 43. Qh4+ Kc8 44. Qb4 Rf7 45. f4 Qa7+ 46.
Bd4 Qc7 47. Qc3 Qxc3 48. Bxc3 Kb7 49. Kf2 Rc7 50. Bb2 Kb6 51. Ke3 Rc8 52. Bd4+
Kb5 53. Bf6 Rc1 54. Bb2 Re1+ 55. Kf2 Rb1 56. Bf6 Rc1 57. g3 Kc5 58. Ke3 Re1+
59. Kd3 Re4 60. Be7+ Kb5 61. a4+ Kb6 62. Bd8+ Kc5 63. Be7+ Kb6 64. Bd8+ Kc5 65.
a5 Kb5 66. Bc2 e5 67. fxe5 Rxe5 68. Kd4 Re8 69. Bb6 Rg8 70. Bc7 Kc6 71. Bf4 Kb5
72. Bxf5 Kxa5 73. Kxd5 Kb5 74. g4 Kb4 75. g5 Rf8 76. Bd6+ 1-0

[Event "Campeonato de España por Equip"]
[Site "Granada, Hotel Corona de Grana"]
[Date "2010.08.04"]
[Round "1"]
[White "ESPINOSA ARANDA, Angel"]
[Black "ANDRADA ANDRADA, Luis Javier"]
[Result "1/2-1/2"]
[WhiteElo "2397"]
[BlackElo "2247"]
[PlyCount "110"]
[EventDate "2010.08.04"]
[EventType "team"]
[EventRounds "6"]
[EventCountry "ESP"]
[WhiteTeam "C.D.E. Almagro"]
[BlackTeam "C.A. Albatros-Peon Aislado"]

1. e4 c5 2. Nf3 d6 3. d4 cxd4 4. Nxd4 Nf6 5. Nc3 a6 6. Bg5 e6 7. f4 Nbd7 8. Qe2
Qc7 9. O-O-O b5 10. g3 Bb7 11. Bg2 h6 12. Bh4 O-O-O 13. e5 dxe5 14. Bxb7+ Qxb7
15. fxe5 g5 16. exf6 Nxf6 17. Qe5 Be7 18. Rhf1 b4 19. Na4 Rd5 20. Qe2 Rhd8 21.
Qc4+ Kd7 22. Rxf6 Bxf6 23. Nc5+ Rxc5 24. Nxe6+ Ke8 25. Nxd8 Qc7 26. Qe4+ Qe5
27. Qxe5+ Bxe5 28. Nb7 Rc6 29. Na5 Rc5 30. Nb3 Rc7 31. Bxg5 hxg5 32. Rd5 f6 33.
Nc5 Rc6 34. Nd3 Bd6 35. Nf2 Kf7 36. Ne4 Be7 37. Kd2 Ke6 38. Ra5 f5 39. Nf2 Bd8
40. Ra4 a5 41. a3 bxa3 42. Rxa3 Bb6 43. Nd3 Kd5 44. b4 Rh6 45. bxa5 Rxh2+ 46.
Kc3 Bd4+ 47. Kb3 f4 48. gxf4 g4 49. a6 Rh7 50. Nb4+ Ke4 51. Kc4 Bf2 52. Nc6 g3
53. a7 Rxa7 54. Nxa7 g2 55. Ra1 Bxa7 1/2-1/2

[Event "Campeonato de España por Equip"]
[Site "Granada, Hotel Corona de Grana"]
[Date "2010.08.04"]
[Round "1"]
[White "GALLARDO RETORTILLO, Enrique"]
[Black "GARCIA MORAL GARCIA, Jose Danie"]
[Result "1/2-1/2"]
[WhiteElo "2160"]
[BlackElo "2304"]
[PlyCount "203"]
[EventDate "2010.08.04"]
[EventType "team"]
[EventRounds "6"]
[EventCountry "ESP"]
[WhiteTeam "C.A. Albatros-Peon Aislado"]
[BlackTeam "C.D.E. Almagro"]

1. d4 Nf6 2. c4 g6 3. Nc3 Bg7 4. e4 d6 5. f3 O-O 6. Be3 Nbd7 7. Nge2 c5 8. Qd2
a6 9. Nc1 e6 10. Be2 Qc7 11. Nb3 Re8 12. O-O b6 13. Rfd1 Bb7 14. dxc5 dxc5 15.
Bf4 Qc6 16. Qc2 Nh5 17. Rd6 Qc8 18. Be3 Be5 19. Rd2 Qc7 20. g3 Bxg3 21. Rxd7
Bxh2+ 22. Kh1 Qxd7 23. Kxh2 Qc7+ 24. Kh1 f5 25. Rg1 Qe5 26. Nd2 Rad8 27. Rg2
Nf4 28. Rh2 Rd6 29. Nf1 Red8 30. Kg1 Nd3 31. Bxd3 Rxd3 32. Nd5 fxe4 33. fxe4
exd5 34. Qxd3 d4 35. Rh4 Re8 36. Bf4 Qe7 37. Qh3 Bxe4 38. Bh6 Bd3 39. Rf4 Bxc4
40. Nd2 Bd5 41. Qf1 Qe3+ 42. Qf2 Qxf2+ 43. Kxf2 a5 44. a4 d3 45. Kg3 Re3+ 46.
Kg4 Be6+ 47. Kg5 Bf5 48. Nc4 Re6 49. Rf2 Kf7 50. b3 Ke8 51. Kf4 Kd7 52. Rd2 Kc7
53. Kf3 Re1 54. Bf4+ Kc6 55. Ne5+ Kb7 56. Nxd3 Rb1 57. Nb2 Be6 58. Ke4 Bxb3 59.
Rd7+ Kc8 60. Rc7+ Kd8 61. Nd3 Bc2 62. Kd5 Rd1 63. Rxh7 Rxd3+ 64. Kc6 Bxa4+ 65.
Kxb6 c4 66. Kxa5 Be8 67. Kb4 c3 68. Bg5+ Kc8 69. Rh1 Rg3 70. Bf6 c2 71. Rc1
Rg4+ 72. Ka3 Ba4 73. Bc3 Rc4 74. Bb4 Bd7 75. Kb3 Rxb4+ 76. Kxb4 Bf5 77. Kc5 Kd7
78. Kd5 Ke7 79. Ke5 Kf7 80. Rf1 Kg7 81. Rc1 Bd3 82. Kd4 Bf5 83. Ke5 Kf7 84. Rf1
Ke7 85. Rc1 Kd7 86. Kd5 Kc7 87. Kc5 Kd8 88. Kd6 Ke8 89. Ke5 Ke7 90. Re1 Kf7 91.
Rf1 Kg7 92. Rc1 Kh6 93. Kf4 Kh7 94. Ke5 Kg7 95. Ra1 Bg4 96. Ra7+ Kh6 97. Rc7
Bd1 98. Kf4 g5+ 99. Kf5 Be2 100. Rc3 Bd3+ 101. Kg4 Be4 102. Rc5 1/2-1/2

[Event "Campeonato de España por Equip"]
[Site "Granada, Hotel Corona de Grana"]
[Date "2010.08.04"]
[Round "1"]
[White "JIMENEZ MARTINEZ, Jose Vicente"]
[Black "GOMEZ GOMEZ, Francisco Jose"]
[Result "1-0"]
[WhiteElo "2241"]
[BlackElo "2094"]
[PlyCount "101"]
[EventDate "2010.08.04"]
[EventType "team"]
[EventRounds "6"]
[EventCountry "ESP"]
[WhiteTeam "C.D.E. Almagro"]
[BlackTeam "C.A. Albatros-Peon Aislado"]

1. d4 e6 2. c4 d5 3. Nf3 c6 4. Nc3 f5 5. g3 Nf6 6. Bg2 Be7 7. O-O O-O 8. Qc2
Bd7 9. Bf4 Ne4 10. Ne5 g5 11. Bd2 Be8 12. Rad1 Nd7 13. cxd5 cxd5 14. Nxd7 Qxd7
15. Nxe4 fxe4 16. Rc1 Bf6 17. Be3 Qg7 18. Qd2 Bb5 19. Bh3 Rfe8 20. Rc5 Bc6 21.
b3 Rad8 22. Rd1 Kh8 $2 23. Rc2 Qd7 24. Bg4 Rg8 25. Qa5 a6 26. Bc1 Qe8 27. e3 h5
28. Be2 g4 29. Qb6 Rc8 30. Ba3 Rg7 31. Rdc1 Bd8 32. Qb4 Be7 33. Qa5 Bd8 34. Qd2
h4 35. Bd6 Bc7 36. Bxc7 Rcxc7 37. Qa5 hxg3 38. fxg3 Qh5 39. Rf1 Qh6 40. Rf4 Qh3
41. Bxg4 Qh6 42. Be2 Rh7 43. Bf1 Kg8 44. Rcf2 Rhf7 45. Rxf7 Rxf7 46. Rxf7 Kxf7
47. Qc7+ Ke8 48. Qf4 Qh5 49. g4 Qh4 50. g5 Qe1 51. g6 1-0

[Event "Campeonato de España por Equip"]
[Site "Granada, Hotel Corona de Grana"]
[Date "2010.08.04"]
[Round "1"]
[White "GONZALEZ BENAVIDES, Jose Antoni"]
[Black "RAMIREZ DIAZ, Jose Ramon"]
[Result "0-1"]
[WhiteElo "1750"]
[BlackElo "2152"]
[PlyCount "94"]
[EventDate "2010.08.04"]
[EventType "team"]
[EventRounds "6"]
[EventCountry "ESP"]
[WhiteTeam "C.A. Albatros-Peon Aislado"]
[BlackTeam "C.D.E. Almagro"]

1. e4 d6 2. d4 Nf6 3. Nc3 g6 4. Nf3 Bg7 5. Be2 O-O 6. Bg5 Bg4 7. O-O Nc6 8. Re1
Nd7 9. d5 Bxf3 10. gxf3 Nd4 11. Bf1 c6 12. Be3 e5 13. Bg2 Rc8 14. Rc1 Qf6 15.
Bxd4 exd4 16. dxc6 bxc6 17. Ne2 Rb8 18. b3 Nc5 19. Qd2 Ne6 20. Rcd1 Qh4 21. Qd3
Rb5 22. f4 Nxf4 23. Nxf4 Qxf4 24. Qg3 Qf6 25. f4 Rc5 26. Re2 Re8 27. b4 Rc4 28.
a3 Bh6 29. Rf2 Rc3 30. Rd3 Bg7 31. Qg4 Qe7 32. h4 h5 33. Qh3 Rxd3 34. cxd3 Bf6
35. Rc2 c5 36. bxc5 dxc5 37. e5 Bg7 38. Rb2 Qe6 39. Rb7 Qxh3 40. Bxh3 Bh6 41.
f5 Rxe5 42. fxg6 fxg6 43. Rxa7 c4 44. Ra8+ Kf7 45. Bf1 c3 46. Rc8 Bf8 47. a4
Rc5 0-1

[Event "Campeonato de España por Equip"]
[Site "Granada, Hotel Corona de Grana"]
[Date "2010.08.05"]
[Round "2"]
[White "NARANJO MORENO, Antonio"]
[Black "CABRERA, Alexis"]
[Result "0-1"]
[WhiteElo "2290"]
[BlackElo "2533"]
[PlyCount "98"]
[EventDate "2010.08.04"]
[EventType "team"]
[EventRounds "6"]
[EventCountry "ESP"]
[WhiteTeam "C.A. Laurus Ronda"]
[BlackTeam "C.A. Mislata"]

1. e4 c5 2. Nf3 Nc6 3. d4 cxd4 4. Nxd4 g6 5. Nc3 Bg7 6. Be3 Nf6 7. Nxc6 bxc6 8.
e5 Ng8 9. Bd4 f6 10. f4 Qa5 11. Qd2 fxe5 12. fxe5 c5 13. Be3 Bxe5 14. Bc4 Nf6
15. O-O Bb7 16. Rad1 O-O-O 17. Nd5 Qxd2 18. Nxe7+ Kb8 19. Rxd2 Bxh2+ 20. Kh1
Be5 21. Bf4 Ng4 22. Bb5 d6 23. Bxe5 Nxe5 24. Rf6 Kc7 25. Nd5+ Bxd5 26. Rxd5
Rhg8 27. Be2 Rg7 28. b4 cxb4 29. Rb5 Re7 30. Bf3 Nxf3 31. Rxf3 Rb8 32. Rd5 Kc6
33. Rd2 Rb5 34. c3 b3 35. axb3 Rxb3 36. Ra2 Kb6 37. Rf6 Rd7 38. Rc2 a5 39. c4
Kc5 40. Rf8 Rbb7 41. Ra8 Ra7 42. Rb8 a4 43. Rb5+ Kc6 44. Rb1 a3 45. Rd1 Ra4 46.
Kh2 a2 47. Ra1 Rda7 48. Kg3 Kc5 49. Kf2 Kb4 0-1

[Event "Campeonato de España por Equip"]
[Site "Granada, Hotel Corona de Grana"]
[Date "2010.08.05"]
[Round "2"]
[White "GARCIA ROMAN, Daniel"]
[Black "CLAROS EGEA, Christian"]
[Result "1-0"]
[WhiteElo "2411"]
[BlackElo "2261"]
[PlyCount "91"]
[EventDate "2010.08.04"]
[EventType "team"]
[EventRounds "6"]
[EventCountry "ESP"]
[WhiteTeam "C.A. Mislata"]
[BlackTeam "C.A. Laurus Ronda"]

1. d4 d5 2. c4 c6 3. Nf3 Nf6 4. e3 a6 5. Bd3 Bg4 6. Qb3 Qc7 7. Ne5 Bh5 8. cxd5
cxd5 9. Nc3 e6 10. Bd2 Nbd7 11. Rc1 Qb8 12. O-O Bd6 13. f4 Bg6 14. Nxd7 Nxd7
15. Bxg6 hxg6 16. e4 dxe4 17. Nxe4 Nf6 18. Qxb7 O-O 19. Qxb8 Bxb8 20. Nxf6+
gxf6 21. Bb4 Re8 22. Bc5 Kg7 23. g3 Rd8 24. b4 Rd5 25. Kf2 Bc7 26. a4 Rad8 27.
Ke3 e5 28. fxe5 fxe5 29. Rfd1 exd4+ 30. Rxd4 Re8+ 31. Re4 Rxe4+ 32. Kxe4 Rd7
33. b5 f5+ 34. Kf3 Be5 35. Rb1 axb5 36. axb5 Rd3+ 37. Ke2 Rc3 38. Be3 Rc2+ 39.
Kf3 Rxh2 40. b6 Rh3 41. Bf4 Bxf4 42. Kxf4 Rh8 43. b7 Rb8 44. Kg5 Kf7 45. Rb6
Kg7 46. Rxg6+ 1-0

[Event "Campeonato de España por Equip"]
[Site "Granada, Hotel Corona de Grana"]
[Date "2010.08.05"]
[Round "2"]
[White "SANCHEZ ROMERO, Miquel Angel"]
[Black "LOPEZ GONZALEZ, Daniel"]
[Result "0-1"]
[WhiteElo "2212"]
[BlackElo "2221"]
[PlyCount "78"]
[EventDate "2010.08.04"]
[EventType "team"]
[EventRounds "6"]
[EventCountry "ESP"]
[WhiteTeam "C.A. Mislata"]
[BlackTeam "C.A. Laurus Ronda"]

1. e4 c5 2. Nf3 a6 3. c4 Nc6 4. Nc3 e6 5. Be2 Nd4 6. O-O Ne7 7. Re1 Ng6 8. Bf1
Nxf3+ 9. Qxf3 Bd6 10. g3 Ne5 11. Qh5 g6 12. Qe2 g5 13. Bg2 Ng6 14. Qh5 Be5 15.
d3 h6 16. Rf1 Qf6 17. Bd2 d6 18. Kh1 Bd7 19. Ne2 O-O-O 20. f4 gxf4 21. gxf4
Bxb2 22. e5 Qh4 23. Qxh4 Nxh4 24. Bxb7+ Kxb7 25. Rab1 Bc6+ 26. Kg1 Rhg8+ 27.
Ng3 dxe5 28. Rxb2+ Ka8 29. Ba5 Rxd3 30. Rb6 Bb7 31. Rfb1 Rd7 32. fxe5 Nf3+ 33.
Kf2 Nxe5 34. Ne4 Bxe4 35. Rxa6+ Ra7 36. Rxa7+ Kxa7 37. Bb6+ Ka6 38. Rb5 Nxc4
39. a4 Nxb6 0-1